zpět

Detail výsledku týmu

MaxWilliam, Znojmo

Datum a čas kvízu

17 Celkem bodů Celkový počet nahraných bodů na tomto kvízu bez doplňovacích otázek.
4. Pořadí na kvízu Konečné umístění týmu na tomto kvízu.

Zaznamenané odpovědi

# Otázka Odpověď Body Výsledky
1. Grand Prix Architektů - Národn... v Jihomoravském kraji 0
2. Ve které evropské zemi došlo v... v Německu 0
3. Na sociálních sítích se objevi... Kim Čong-un 0
4. Na Islandu byl zaznamenán prvn... komár 1
5. Minulý týden proběhl v indonés... sportovní gymnastika 0
6. Dnešní zeměpisné téma otevírám... Golčův Jeníkov, Gmünd 0
7. Které z následujících tvrzení... C 1
8. V další otázce bude vaším úkol... 1D 2C 3A 4B 0
9. Napište název města obsahující... Nagasaki 1
10. V této koláži jsou spojené vla... Gruzie, Guatemala 0.5